000 00688cam a22002533a 4500
001 24021
003 PGUSA
005 20140828083519.0
008 071224s2007||||xxu|||||s|||||000 1 eng d
040 _aPGUSA
_beng
042 _adc
050 4 _aPL
100 1 _aZhang, Yingyu,
_d16th/17th cent.
245 1 0 _a杜騙新書
_h[electronic resource] /
_cYingyu Zhang
260 _bProject Gutenberg,
_c2007
506 _aPublic domain in the USA.
516 _aElectronic text
653 _aFraud -- China -- Fiction
740 0 _a杜骗新书
740 0 _aDu Pian Xin Shu
830 0 _aProject Gutenberg
_v24021
856 4 0 _uhttp://www.gutenberg.org/ebooks/24021
942 _cEB
999 _c253276
_d253276